000 00608nam a2200217Ia 4500
003 OSt
005 20220918105412.0
006 a|||||r|||| 00| 0
007 ta
008 220915b |||||||| |||| 00| 0 hin d
024 _a89,241
037 _cReference Collections
040 _aARTS
_cARTS
_bhin
041 _2hin
_ahin
082 _aO15,1xk, 152P6.17-.20(RR)
100 _aSemwal Shrikrishna Au.
_91130
245 0 _aKavyashastra khand
260 _c2005
942 _hO15,1xk, 152P6.17-.20(RR)
_cREF
999 _c106782
_d106782